Online
Catalog

La semántica : (Record no. 11539)

MARC details
000 -CABECERA
campo de control de longitud fija 00902nam a2200265 a 4500
001 - NÚMERO DE CONTROL
campo de control 000011865
005 - FECHA Y HORA DE LA ÚLTIMA TRANSACCIÓN
campo de control 20200929162609.0
008 - DATOS DE LONGITUD FIJA--INFORMACIÓN GENERAL
campo de control de longitud fija 091028s1978 mx 001 0 spa d
020 ## - NÚMERO INTERNACIONAL ESTÁNDAR DEL LIBRO
Número Internacional Estándar del Libro 9682301289
040 ## - FUENTE DE LA CATALOGACIÓN
Centro catalogador/agencia de origen DO-SdBNP
Lengua de catalogación spa
Centro/agencia transcriptor BNPHU
041 17 - CÓDIGO DE LENGUA
Código de lengua del texto/banda sonora o título independiente spa
Código de lengua original eng
Fuente del código Código de idioma MARC
082 ## - NÚMERO DE LA CLASIFICACIÓN DECIMAL DEWEY
Número de clasificación 412
Número de documento/Ítem P173s
049 ## - FONDOS LOCALES (OCLC)
Fondos de biblioteca BNGR
100 1# - ENTRADA PRINCIPAL--NOMBRE DE PERSONA
Nombre de persona Palmer, F. R.
9 (RLIN) 28044
240 10 - TÍTULO UNIFORME
Título uniforme Semantics, a new outline
Lenguaje de la obra español
245 13 - MENCIÓN DE TÍTULO
Título La semántica :
Resto del título una nueva introducción /
Mención de responsabilidad, etc. F. R. Palmer ; traductor, Alicia Poloniato.
260 ## - PUBLICACIÓN, DISTRIBUCIÓN, ETC.
Lugar de publicación, distribución, etc. México :
Nombre del editor, distribuidor, etc. Siglo XXI,
Fecha de publicación, distribución, etc. 1978.
300 ## - DESCRIPCIÓN FÍSICA
Extensión 200 p. :
Otras características físicas tablas ;
Dimensiones 18 cm.
490 1# - MENCIÓN DE SERIE
Mención de serie Linguística
534 ## - NOTA SOBRE LA VERSIÓN ORIGINAL
Frase introductoria Título original en inglés:
Mención de título del original Semantics, a new outline
Publicación, distribución, etc. del original Cambridge University Press, 1976
650 #4 - PUNTO DE ACCESO ADICIONAL DE MATERIA--TÉRMINO DE MATERIA
Término de materia o nombre geográfico como elemento de entrada Semántica
9 (RLIN) 27831
650 #4 - PUNTO DE ACCESO ADICIONAL DE MATERIA--TÉRMINO DE MATERIA
Término de materia o nombre geográfico como elemento de entrada Semiología (lingüística)
9 (RLIN) 28035
700 1# - PUNTO DE ACCESO ADICIONAL--NOMBRE DE PERSONA
Nombre de persona Poloniato, Alicia,
Término indicativo de función/relación tr.
9 (RLIN) 28045
830 #0 - PUNTO DE ACCESO ADICIONAL DE SERIE-TÍTULO UNIFORME
Título uniforme Linguística
9 (RLIN) 16423
Holdings
Estado de retiro Estado de pérdida Restricciones de uso No para préstamo Código de colección Localización permanente Ubicación/localización actual Ubicación en estantería Fecha de adquisición Número de inventario Total de préstamos Signatura topográfica completa Código de barras Fecha visto por última vez Precio válido a partir de Tipo de ítem Koha
    Préstamo interno   Monografías: Libros y Folletos General General En catalogación 28.10.2009 LF1   412 P173s 11865-10 25.06.2020 25.06.2020 Préstamo interno

Powered by Koha